| 000 | 02376nam0a2200433 4500 | ||
|---|---|---|---|
| 001 | RU\NLR\BIBL_A\022096832 | ||
| 005 | 20260409080437.0 | ||
| 010 |
_a5-7082-0028-6 _915000 |
||
| 035 | _a(NLR Aleph) 022096832 | ||
| 090 |
_a12733811 _c12733811 |
||
| 100 | _a20231214d1995 |||y0rusy50 ca | ||
| 101 | 0 | _arus | |
| 102 | _aRU | ||
| 105 | _aah w 001gy | ||
| 181 | 0 |
_ai _baxxe |
|
| 182 | 0 | _an | |
| 200 | 1 |
_aПсалтирь в русской поэзии XVII-XX вв. _e[сборник] _fсоставление, подготовка текста, вступительная статья и примечания Б. Н. Романова |
|
| 203 |
_aТекст _bвизуальный _cнепосредственный |
||
| 210 |
_aМосква _cКлюч [и др. _aСергиев Посад] _cСвято-Троицкая Сергиева Лавра _d1995 |
||
| 215 |
_a381 с. _cил., факс. _d11 |
||
| 225 | 1 | _aЗолотая библиотечка русской религиозной поэзии | |
| 300 | _aЗагл. обл. и корешка: Псалтирь в русской поэзии | ||
| 320 | _aБиблиогр. в примеч.: с. 340-367 и в подстроч. примеч. | ||
| 320 | _aУказ. псалмов: с. 370-371 | ||
| 327 | 0 | _aСодерж.: авт.: Симеон Полоцкий, Феофан Прокопович, М. В. Ломоносов, В. К. Тредиаковский, А. П. Сумароков, И. Ф. Богданович, В. П. Петров [и др.]. В прил.: Стихотворения, посвящённые псалмопевцу Давиду: авт.: Ф. Н. Глинка, К. Р., Федор Сологуб | |
| 500 |
_aБиблия _iВ.З _iПсалтирь _92631012 _3RU\NLR\AUTH\553037 |
||
| 512 | 1 | _aПсалтирь в русской поэзии | |
| 605 |
_aПсалтирь _xв художественной литературе _91996463 _3RU\NLR\AUTH\66917082 |
||
| 686 | 1 | _aЭ37-210.913 | |
| 686 | 2 | _aШ6(2=Р)-5 | |
| 686 | 2 | _aШ6(2=Р)-94 | |
| 702 | 1 |
_4220 _7ca _8rus _aРоманов _bБ. Н. _cпоэт _f1947- _gБорис Николаевич _9116957 _3RU\NLR\AUTH\777014 |
|
| 852 |
_aNLR _j72-0/687 |
||
| 942 | _cBOOK | ||
| 980 | _aNB | ||